[Event "IND-ch U16 Girls"]
[Site "New Delhi"]
[Date "2022.03.04"]
[Round "1"]
[White "Tejaswini, G."]
[Black "Kothe, Swarali"]
[Result "1-0"]
[WhiteElo "1742"]
[BlackElo "1127"]
[PlyCount "107"]
[EventDate "2022.03.04"]
[EventType "swiss"]
[EventRounds "9"]
[EventCountry "IND"]
[SourceTitle "CBM 207 Extra"]
[Source "ChessBase"]
[SourceDate "2022.05.31"]
[SourceVersion "1"]
[SourceVersionDate "2022.05.31"]
[SourceQuality "1"]

1. d4 Nf6 2. Nf3 e6 3. c4 Bb4+ 4. Nc3 0-0 5. Bg5 h6 6. Bh4 d6 7. Qc2 Nbd7 8. e4 e5 9. dxe5 Nxe5 10. Nxe5 dxe5 11. Bd3 Bxc3+ 12. Qxc3 Qd4 13. Qc2 Qb6 14. 0-0-0 Nd7 15. Bg3 Re8 16. Qc3 a5 17. Kb1 Qb4 18. Qc2 Nc5 19. Be2 b6 20. f3 Ba6 21. Rd5 f6 22. Be1 Qa4 23. Qxa4 Nxa4 24. Rd7 c6 25. Bf2 b5 26. c5 Rad8 27. Rhd1 Rxd7 28. Rxd7 f5 29. Kc2 fxe4 30. fxe4 Rf8 31. Be3 Rf7 32. Rxf7 Kxf7 33. b3 Nxc5 34. Bxc5 g6 35. Bb6 h5 36. Bxa5 g5 37. Bxh5+ Ke6 38. Bd8 b4 39. Bxg5 Bf1 40. g4 Bh3 41. Bd2 c5 42. g5 Ke7 43. Be3 Kd6 44. g6 Be6 45. h4 Bg8 46. Bg4 c4 47. h5 cxb3+ 48. axb3 Ke7 49. Bg5+ Kf8 50. h6 Bxb3+ 51. Kxb3 Kg8 52. Bf6 Kf8 53. h7 Ke8 54. h8Q# 1-0